000 00394nam a22001697a 4500
005 20160520111644.0
008 160520b xxu||||| |||| 00| 0 eng d
020 _a978-81-7409-310-3
041 _aeng
082 _b3450
100 _aMarks B.S.
_9863
245 _aLinear Control System
260 _bKhanna Publishing
300 _a740
650 _aDIPLOMA ENGINEERING
_9817
942 _cBK
999 _c1182
_d1182